International financial markets : prices and policies

Bibliographic Details
Main Author: Levich, Richard M
Format: Book
Language:English
Published: Boston : McGrawHill , 2001
Edition:2nd ed
Subjects:

MARC

LEADER 00000cam a2200000 7i4500
001 0000022929
005 20101202.0
008 101130s a eng
020 |a 0072338652 
040 |a INS 
090 0 0 |a HG3881   |b L46 2001 
100 1 |a Levich, Richard M 
245 1 0 |a International financial markets :   |b prices and policies   |c Richard M.Levich 
250 |a 2nd ed 
260 |a Boston :   |b McGrawHill ,   |c 2001 
300 |a xxvii, 698p. :   |b ill. ;   |c 25cm. 
500 |a Includes index 
650 0 |a International finance 
650 0 |a Investments, Foreign 
650 0 |a Securities   |x Prices 
999 |a 0000021683   |b BOOK   |c Open Shelf   |e Default branch